| 000 | 00511nam a2200193Ia 4500 | ||
|---|---|---|---|
| 001 | 252 | ||
| 005 | 20251205092046.0 | ||
| 008 | 251203t1949||||xx |||||||||||||| ||spa|| | ||
| 041 | _aESP | ||
| 082 |
_a918.5 _bU77 |
||
| 100 |
_aUriel García, José, _cAUT |
||
| 245 | 0 | _aPueblos y paisajes sudperuanos | |
| 260 |
_aLima : _bEditorial Cultura Antártica, _c1949 |
||
| 300 |
_a224 páginas : _b _c 24 cm. |
||
| 650 | _aGEH | ||
| 653 | _aPerú - Descripciones y viajes | ||
| 654 | _aCTP | ||
| 942 |
_cLIB _dJUS _fMAT _2ddc |
||
| 999 |
_c252 _d252 |
||